<?xml version="1.0" encoding="UTF-8"?>
<record
    xmlns:xsi="http://www.w3.org/2001/XMLSchema-instance"
    xsi:schemaLocation="http://www.loc.gov/MARC21/slim http://www.loc.gov/standards/marcxml/schema/MARC21slim.xsd"
    xmlns="http://www.loc.gov/MARC21/slim">

  <leader>01047nam a22001457a 4500</leader>
  <datafield tag="999" ind1=" " ind2=" ">
    <subfield code="c">523872</subfield>
    <subfield code="d">523872</subfield>
  </datafield>
  <controlfield tag="008">231011b           ||||| |||| 00| 0 eng d</controlfield>
  <datafield tag="100" ind1=" " ind2=" ">
    <subfield code="a">Agnihotri, Indu</subfield>
    <subfield code="9">44090</subfield>
  </datafield>
  <datafield tag="245" ind1=" " ind2=" ">
    <subfield code="a">Women&#x2019;s histories of struggle in the face of a politics that divided nations: Excerpts from a conversation with Pramila Pandhe </subfield>
  </datafield>
  <datafield tag="260" ind1=" " ind2=" ">
    <subfield code="a">Social Scientist  </subfield>
  </datafield>
  <datafield tag="300" ind1=" " ind2=" ">
    <subfield code="a">51(7-8), Jul-Aug, 2023: p.87-92</subfield>
  </datafield>
  <datafield tag="520" ind1=" " ind2=" ">
    <subfield code="a">Pramila Pandhe had weathered many storms and shouldered multiple responsibilities before I came to know her a short, gentle women quite unlike my image of a leader when she took charge as the office secretary of the all India Democratic women&#x2019;s association (AIDWA), and late rice President of AIDWA. The story of the life was intertwined with the time she lived through colonial rule the influence of the social reform movement and her experience ne in Institutions was a visible presence in the western reign of India during the anti-imperialist struggle. &#x2013; Reproduced   </subfield>
  </datafield>
  <datafield tag="773" ind1=" " ind2=" ">
    <subfield code="a">Social Scientist  </subfield>
  </datafield>
  <datafield tag="906" ind1=" " ind2=" ">
    <subfield code="a">WOMEN</subfield>
  </datafield>
  <datafield tag="942" ind1=" " ind2=" ">
    <subfield code="c">AR</subfield>
  </datafield>
  <datafield tag="952" ind1=" " ind2=" ">
    <subfield code="0">0</subfield>
    <subfield code="1">0</subfield>
    <subfield code="2">ddc</subfield>
    <subfield code="4">0</subfield>
    <subfield code="7">0</subfield>
    <subfield code="9">398919</subfield>
    <subfield code="a">IIPA</subfield>
    <subfield code="b">IIPA</subfield>
    <subfield code="d">2023-10-11</subfield>
    <subfield code="h">51(7-8), Jul-Aug, 2023: p.87-92</subfield>
    <subfield code="p">AR129754</subfield>
    <subfield code="r">2023-10-11</subfield>
    <subfield code="y">AR</subfield>
  </datafield>
</record>
